Album Covers by Color - Blue - Statistics

General Stats
  • This quiz has been taken 381 times
    208 since last reset
  • The average score is 17 of 25
Answer Stats
Hint Extra Hint Answer % Correct
Nevermind Nirvana
96%
In The Zone Britney Spears
91%
Born To Die Lana Del Rey
89%
Title Meghan Thrainor
86%
Invasion of Privacy Cardi B
84%
Millennium Backstreet Boys
83%
Weezer Weezer
77%
HIT ME HARD AND SOFT Billie Eilish
76%
SOS SZA
76%
Encore Eminem
76%
Melodrama Lorde
74%
David Bowie [Space Oddity] David Bowie
73%
Big Willie Style Will Smith
70%
Blue Joni Mitchell
66%
"Awaken, My Love!" Childish Gambino
65%
American Teen Khalid
65%
Hot Fuss The Killers
60%
Isolation Kali Uchis
57%
The Colour And The Shape Foo Fighters
55%
Walking On A Dream Empire Of The Sun
55%
Brothers in Arms Dire Straits
52%
Hateful of Hollow The Smiths
52%
Stranger in the Alps Phoebe Bridges
50%
Fuzzybrain Dayglow
39%
Freudian Daniel Caesar
32%
No matching quizzes found
Score Distribution
Percent of People with Each Score
Percentile by Number Answered
Your Score History
You have not taken this quiz since the last reset